000 00948nam a22002177a 4500
005 20260210085709.0
008 s2541 th tha d
020 _a9745891916
041 _atha
090 _aว HQ1046.T5 ป469ม 2541
100 0 _aปรีชา อุปโยคิน
_911478
245 1 0 _aไม้ใกล้ฝั่ง : สถานภาพและบทบาทผู้สูงอายุไทย
260 3 _aกรุงเทพฯ :
_bเจริญดีการพิมพ์,
_c2541
300 _a266 หน้า :
_b ภาพประกอบ ;
_c 21 ซม.
650 0 4 _aคุณภาพชีวิต -- วิจัย
650 0 4 _aผู้สูงอายุ -- ไทย -- วิจัย
850 _aNALT
942 _cRSH
_02
997 _c000000000029287
_kVC
998 _aSAIPHON DEENGAM
_j8
_k นายบัณฑิต อุทาวงค์
999 _c29287
_d29287